=LDR 00000nam 2200000 4500 =001 INLIS000000000050305 =005 20170427104837 =035 ##$$a 0010-0417000120 =007 ta =008 170427###########################0###### =020 ##$$a 978 - 602 - 7760 - 98 - 1 =082 ##$$a 641.3 =084 ##$$a 641.3 SWA k =100 #$$a Swastika, Anggi =245 1#$$a Kitab Khasiat Buah dab Sayur tumpas segala penyakit /$c Anggi Swastika =250 ##$$a Cet.1 =260 ##$$a Yogyakarta :$b Shira Media,$c 2014 =300 ##$$a 180 hlm. : $b Ilus ; $c 24 cm. =650 ##$$a Buah dan Sayur =990 ##$$a 74907490 =990 ##$$a 74907490 =990 ##$$a 31700065 =990 ##$$a 02201707490 =990 ##$$a 31700066 =990 ##$$a 31700065